Revolish TOEFL iBT prep : four skills reading, listening, speaking, writing. Level 1 /

Gespeichert in:
Bibliographische Detailangaben
1. Verfasser: Kim, Nathan
Format: Buch
Sprache:Vietnamese
Veröffentlicht: TR 2010
Tags: Tag hinzufügen
Keine Tags, Fügen Sie den ersten Tag hinzu!
Thư viện lưu trữ: Mạng thư viện Đại học Đà Nẵng
LEADER 00675nam a2200265 4500
001 000027610
003 KI-N
005 20150403120000.0
008 150403s vm 000 vie
020 |c 0,0000 
040 |a notts 
100 |a Kim, Nathan 
245 |a Revolish TOEFL iBT prep : four skills reading, listening, speaking, writing. Level 1 /  |c Nathan Kim, Peggy Anderson, Elaine Cho. 
260 |b TR  |c 2010 
OWN |a LTT 
999 |a From the UDN01 
TYP |a Monograph 
TYP |a Printed language 
980 |a Mạng thư viện Đại học Đà Nẵng